000 00693nam a2200133Ia 4500
008 220620s9999||||xx |||||||||||||| ||und||
020 _a9780260000000
100 _aShute, Valerie||Ventura, Matthew
245 0 _aStealth Assessment
_bMeasuring and Supporting Learning in Video Games
546 _aEnglish[eng]
650 _atesting||educational assessment||alternative assessment techniques||testing methods||student evaluation||student testing||educational games||learning games||game studies||games in education||performance-based assessments||digital games and learning||embedded assessment||digital games||games in schools
856 _uhttp://mitpress.mit.edu/9780262518819
942 _cEB
999 _c28902
_d28902